000 00717nam a2200217 a 4500
005 20210223120542.0
008 991125s1978 es 000 0 spa u
020 _a8427110863
035 _aUPN01000003262
049 _aC
050 4 _aGN11
_bA5.78
245 0 3 _aLa antropología :
_bdesde el hombre primitivo a las sociedades actuales /
_cdir. André Akoun ; tr. J. L. Larrinaga.
260 _aBilbao, Esp. :
_bMensajero,
_c1978.
300 _a572 p., [1] h. pleg. :
_bil.
440 0 _aDiccionarios del saber moderno
534 _pTraducción de:
_tL'Anthropologia
500 _aTítulo tomado de la cubierta
650 4 _aANTROPOLOGIA -
_vDICCIONARIOS
_94765
700 1 _aAkoun, André,
_edir.
905 _aLibro
999 _c3262
_d3262